Bhakt Prahlad (Record no. 18654)

MARC details
000 -LEADER
fixed length control field 01505ngm a2200373 4500
003 - CONTROL NUMBER IDENTIFIER
control field dpl
005 - DATE AND TIME OF LATEST TRANSACTION
control field 20081119101549.0
007 - PHYSICAL DESCRIPTION FIXED FIELD--GENERAL INFORMATION
fixed length control field DVD
008 - FIXED-LENGTH DATA ELEMENTS--GENERAL INFORMATION
fixed length control field ||||||sp199 xxu|||||c ||| 00| 0 ng d
010 ## - LIBRARY OF CONGRESS CONTROL NUMBER
LC control number DVD-001164-1166
024 ## - OTHER STANDARD IDENTIFIER
Standard number or code TSDVD 1213
Terms of availability 45.00
035 ## - SYSTEM CONTROL NUMBER
System control number DVD-001164-1166
040 ## - CATALOGING SOURCE
Original cataloging agency DPL
Transcribing agency DPL
082 ## - DEWEY DECIMAL CLASSIFICATION NUMBER
Classification number DVD / BHAK
245 ## - TITLE STATEMENT
Title Bhakt Prahlad
Statement of responsibility, etc A V M Production Presents
Medium [videorecording] DVD/
246 ## - VARYING FORM OF TITLE
Title proper/short title .
260 ## - PUBLICATION, DISTRIBUTION, ETC. (IMPRINT)
Name of publisher, distributor, etc Super Cassettes Industries Limited
300 ## - PHYSICAL DESCRIPTION
Extent 1 videodisc DVD;
Other physical details sd., col. ;
Dimensions 4 3/4 in.
Type of unit DVD
440 ## - SERIES STATEMENT/ADDED ENTRY--TITLE
Title T Series Home Entertainment
538 ## - SYSTEM DETAILS NOTE
System details note Dolby Digital 5.1 - Hindi Subtitles: English
650 ## - SUBJECT ADDED ENTRY--TOPICAL TERM
Topical term or geographic name as entry element Motion Picture
700 ## - ADDED ENTRY--PERSONAL NAME
Personal name Murti, Narayan
700 ## - ADDED ENTRY--PERSONAL NAME
Personal name Santoshi
700 ## - ADDED ENTRY--PERSONAL NAME
Personal name Rao, Rajeshwar
700 ## - ADDED ENTRY--PERSONAL NAME
Personal name Rajgopal Krishan
700 ## - ADDED ENTRY--PERSONAL NAME
Personal name Rangarav, S. V.
700 ## - ADDED ENTRY--PERSONAL NAME
Personal name Anjali Devi
700 ## - ADDED ENTRY--PERSONAL NAME
Personal name Rajendra Natrh
942 ## - ADDED ENTRY ELEMENTS (KOHA)
Koha item type CD-ROMs, DVDs, VHS
Source of classification or shelving scheme Dewey Decimal Classification
Classification part DVD
Call number suffix BHAK
Holdings
Withdrawn status Lost status Source of classification or shelving scheme Damaged status Not for loan Home library Current library Date acquired Source of acquisition Cost, normal purchase price Total Checkouts Full call number Barcode Date last seen Date checked out Copy number Cost, replacement price Price effective from Koha item type
    Dewey Decimal Classification     Central Library Central Library 19/11/2008 Purchase 45.00 22 DVD BHAK DVD-001164 19/09/2013 04/09/2013 1 45.00 19/11/2008 CD-ROMs, DVDs, VHS
    Dewey Decimal Classification     Patel Nagar Patel Nagar 19/11/2008 Purchase 45.00 5 DVD BHAK DVD-001166 14/05/2010 04/05/2010 1 45.00 19/11/2008 CD-ROMs, DVDs, VHS
    Dewey Decimal Classification     Sarojini Nagar Sarojini Nagar 19/11/2008 Purchase 45.00 11 DVD BHAK DVD-001165 26/09/2014 02/09/2014 1 45.00 19/11/2008 CD-ROMs, DVDs, VHS

© Delhi Public Library
Hit Counter
free hit counter